| 000 | 00463nam a2200169Ia 4500 | ||
|---|---|---|---|
| 999 |
_c27821 _d27821 |
||
| 003 | OSt | ||
| 005 | 20201223104232.0 | ||
| 008 | 190216s9999||||xx |||||||||||||| ||und|| | ||
| 040 | _coclc | ||
| 082 |
_a894.8128 _bKEN/P |
||
| 100 |
_aK E N _97237 |
||
| 245 | 0 |
_aPranayam Kavitha Samskaram / _cK E N |
|
| 260 |
_bArena Books, _aEdappal: _c2000. |
||
| 300 | _a207p | ||
| 650 | _aPadanam | ||
| 942 |
_cBK _2ddc _h894.8128 _iKEN/P _k894.8128 _mKEN/P |
||